<?xml version="1.0" encoding="UTF-8"?>
<record
    xmlns:xsi="http://www.w3.org/2001/XMLSchema-instance"
    xsi:schemaLocation="http://www.loc.gov/MARC21/slim http://www.loc.gov/standards/marcxml/schema/MARC21slim.xsd"
    xmlns="http://www.loc.gov/MARC21/slim">

  <leader>01802nam a2200241 a 4500</leader>
  <controlfield tag="001">ASIN3823855891</controlfield>
  <controlfield tag="003">OSt</controlfield>
  <controlfield tag="005">20180116192422.0</controlfield>
  <controlfield tag="008">140509s2002    xxu                 eng d</controlfield>
  <datafield tag="020" ind1=" " ind2=" ">
    <subfield code="a">3823855891 (hardcover)</subfield>
    <subfield code="c">$12.95</subfield>
  </datafield>
  <datafield tag="020" ind1=" " ind2=" ">
    <subfield code="a">9783823855897 (hardcover)</subfield>
  </datafield>
  <datafield tag="040" ind1=" " ind2=" ">
    <subfield code="c">sada</subfield>
  </datafield>
  <datafield tag="082" ind1=" " ind2=" ">
    <subfield code="a">720.922</subfield>
    <subfield code="b">LEG 2002</subfield>
  </datafield>
  <datafield tag="245" ind1="0" ind2="0">
    <subfield code="a">Legorreta+legorreta /</subfield>
    <subfield code="c">edited Aurora Cuito.</subfield>
  </datafield>
  <datafield tag="260" ind1=" " ind2=" ">
    <subfield code="a">[S.l.] :</subfield>
    <subfield code="b">Te Neues Publishing Company,</subfield>
    <subfield code="c">2002.</subfield>
  </datafield>
  <datafield tag="300" ind1=" " ind2=" ">
    <subfield code="a">80 p. ;</subfield>
    <subfield code="c">23 cm.</subfield>
  </datafield>
  <datafield tag="490" ind1="1" ind2=" ">
    <subfield code="a">Archipockets) (english, french, german and italian edition.</subfield>
  </datafield>
  <datafield tag="520" ind1=" " ind2=" ">
    <subfield code="a">In spite of its monumentality, the architecture of Legorreta + Legorreta is conceived for us to live in: it suits our needs, our appetites, and our emotions. Some of the best examples are seen in the vestibules of the Center of Visual Arts and of the Sheraton Hotel in Bilbao. Geometric pure and timeless forms instill rotundity and clarity into the complicated projects. Even in large complexes, like the Chiron Laboratories, or the Egade Graduate School, privacy and simplicity is preserved. The treatment of light also aids them in creating different spaces without any need of walls or separators. The application of color is a most important priority, especially in projects set in their native Mexico. There are tones that the architects use to dramatize spaces which intensify the personal experience of the people in the buildings. All of these ingredients integrate architecture, landscaping, and interior decoration into a single discipline that respects the place and the traditions.</subfield>
  </datafield>
  <datafield tag="700" ind1="1" ind2=" ">
    <subfield code="a">Cuito, Aurora.</subfield>
    <subfield code="9">7547</subfield>
  </datafield>
  <datafield tag="830" ind1=" " ind2="0">
    <subfield code="a">Archipockets) (english, french, german and italian edition.</subfield>
    <subfield code="9">7548</subfield>
  </datafield>
  <datafield tag="856" ind1="4" ind2="0">
    <subfield code="3">Amazon.com</subfield>
    <subfield code="u">http://www.amazon.com/exec/obidos/ASIN/3823855891/chopaconline-20</subfield>
  </datafield>
  <datafield tag="942" ind1=" " ind2=" ">
    <subfield code="2">ddc</subfield>
    <subfield code="c">BK</subfield>
  </datafield>
  <datafield tag="999" ind1=" " ind2=" ">
    <subfield code="c">353949</subfield>
    <subfield code="d">353949</subfield>
  </datafield>
  <datafield tag="952" ind1=" " ind2=" ">
    <subfield code="0">0</subfield>
    <subfield code="1">0</subfield>
    <subfield code="2">ddc</subfield>
    <subfield code="4">0</subfield>
    <subfield code="7">0</subfield>
    <subfield code="a">SADA</subfield>
    <subfield code="b">SADA</subfield>
    <subfield code="d">2014-05-09</subfield>
    <subfield code="l">3</subfield>
    <subfield code="o">720.922 LEG 2002</subfield>
    <subfield code="p">SADA0002305</subfield>
    <subfield code="r">2026-03-04</subfield>
    <subfield code="s">2026-03-02</subfield>
    <subfield code="v">1506.53</subfield>
    <subfield code="w">2014-05-09</subfield>
    <subfield code="y">BK</subfield>
  </datafield>
</record>
